000 01775nam a22002657a 4500
999 _c61399
_d61399
003 Ge_BSU
005 20240306113248.0
008 240306s2023 ge ||||| |||| 00| 0 geo d
020 _a9789941861765
041 _ageo
080 _a821.353.1-84+811.133.1'37 მ-43
100 _aმაჭუტაძე, თამარ
_911233
245 _aქართული და ფრანგული ანდაზები :
_bთარგმანებითა და შესიტყვევებით /
_cთამარ მაჭუტაძე, თინა შიოშვილი; რედ. მაია ვარსიმასვილი-რაფაელი; გარეკანის მხატვარი გურამ გუჯაბიძე.
264 _aბათუმი:
_b"ფავორიტი სტილი'',
_c2023.
300 _a196 გვ.
_b21 სმ.
500 _aწიგნი გამოიცა ბათუმის შოთა რუსთაველის სახ. უნ-ტის მიზნობრივი სამეცნიერო გრანტის ფარგლებში
501 _aპარალ საათ. ფრანგულ ენაზე
504 _aბიბლიოგრ. გვ. 190-192
653 _aქართული ანდაზები
653 _aფრანგული ანდაზები
700 _aშიოშვილი, თინა
_eავტორი
_921340
700 _aვარსიმასვილი-რაფაელი, მაია
_eრედაქტორი
_921341
700 _aგუჯაბიძე, გურამ
_eგარეკანის მხატვარი
_92059
942 _2udc
_cBK